Ces éléments des livres Harry Potter sont-ils présents dans les films? - Statistiques

Statistiques générales
  • Ce quiz a été pris 154 fois
  • Le résultat moyen est 4 sur 10
Answers on the Grid
Answers color-coded by a green-red scale on the quiz's grid according to % correct below.
Aragog a une épouse
Peter se fait tuer par sa propre main en argent
La famille Weasley est au chevet d'Arthur à l'Hôpital
Sainte-Mangouste
Dobby rend visite à Harry à Poudlard
Harry répare sa baguette avec la Baguette de Sureau
Ginny est montré possédant encore un peu de pouvoir
de Tom Jedusor en elle
Harry est en colère et brise des objets dans le bureau
de Dumbledore
Un souvenir de Voldemort retrace l'histoire du faux amour
entre ses parents
Harry rencontre le Centaure Firenze
Hermione devient Préfète
Harry assiste aux funérailles de Dumbledore avec les
professeurs de Poudlard
Voldemort rend visite à Grindelwald à Azkaban
Neville essaye d'empêcher Harry, Ron et Hermione de
sortir de leur dortoir en première année
La voiture volante des Weasley sauve Ron et Harry des
Acromentules
Fred et Georges provoquent un gigantesque feu d'artifice
dans la Salle Commune pendant les BUSE
Sirius s'enfuit de Poudlard sur le dos de Buck
Harry se rend dans la Salle de Bains des Préfets
Lucius s'enfuit du champ de bataille pendant la
bataille finale
La course poursuite entre Harry et le Magyar à pointes
se passe exclusivement dans l'arène
Abelforth explique son passé avec Dumbledore à
Harry
 
Statistiques - réponses
Réponse % Correct
La voiture volante des Weasley sauve Ron et Harry des
Acromentules
57%
Sirius s'enfuit de Poudlard sur le dos de Buck
54%
Neville essaye d'empêcher Harry, Ron et Hermione de
sortir de leur dortoir en première année
53%
Harry se rend dans la Salle de Bains des Préfets
52%
Fred et Georges provoquent un gigantesque feu d'artifice
dans la Salle Commune pendant les BUSE
50%
Dobby rend visite à Harry à Poudlard
46%
Harry rencontre le Centaure Firenze
43%
Lucius s'enfuit du champ de bataille pendant la
bataille finale
38%
Voldemort rend visite à Grindelwald à Azkaban
30%
Ginny est montré possédant encore un peu de pouvoir
de Tom Jedusor en elle
10%
Aucun quiz correspondant
Distribution des résultats
% des personnes avec chaque résultat
Percentile par nombre de réponses
Votre historique - résultats
Vous n’avez pas pris ce quiz